Представление документа в формате RUSMARC

ПолеНазваниеЗначение
  Тип записи a
  Библиографический уровень m
001 Контрольный номер RU/SLIB/B/208718878
005 Дата корректировки 20250530142737.7
010 Индекс ISBN __
d Цена 0-50
101 Язык документа 0_
a Язык текста rus
200 Заглавие и сведения об ответственности 0_
a Заглавие Мы - интернационалисты
b Общее обозначение материала Текст
210 Выходные данные 1_
a Место издания М.
c Издательство Политиздат
d Дата издания 1975
215 Физическое описание __
a Объем 287 с.
c Иллюстрации/тип воспроизводства ил.
606 Тематические рубрики __
a Основная рубрика История
z Хронологическая подрубрика 1936-1939 гг.; 20 в.
606 Тематические рубрики __
a Основная рубрика Европа с 1918 г. -
606 Тематические рубрики __
y Географическая подрубрика Испания; Мадpид
610 Ключевые слова 0_
a Ключевые слова интернационализм; фашизм
686 Индексы других классификаций __
a Классификационный индекс 63.3(4Исп)61
801 Источник записи _0
a Страна RU
b Организация Муниципальное бюджетное учреждение культуры "Централизованная библиотечная система" г. Сургут (Центральная городская библиотека им. А. С. Пушкина)
g Правила каталогизации К/Исакова
801 Источник записи _1
a Страна RU
b Организация Муниципальное бюджетное учреждение культуры "Централизованная библиотечная система" г. Сургут (Центральная городская библиотека им. А. С. Пушкина)
g Правила каталогизации К/Исакова
852 Данные о местонахождении __
j Шифр хранения 63.3(4Исп)61
c Каталожный индекс 63.3(4Исп)
i Авторский знак М 94
p Инвентарный номер 41205(с)
901 Тип документа __
t Тип документа m
990 Данные о заказе (DOS) __
j Количество экземпляров (DOS) 1
t N записи в КСУ для И/У (DOS) 199101